Η σημασία της μετεπιβίβασης στην ολοκλήρωση των συστημάτων αστικών συγκοινωνιών. Η περίπτωση του τράμ της Αθήνας : διπλωματική εργασία
Saved in:
| Main Author: | |
|---|---|
| Corporate Author: | |
| Other Authors: | , , |
| Format: | Thesis Book |
| Language: | Greek |
| Published: |
2007
|
| Subjects: | |
| Online Access: | http://hdl.handle.net/11610/13096 |
| Tags: |
Add Tag
No Tags, Be the first to tag this record!
|
MARC
| LEADER | 00000cam a2200000 i 4500 | ||
|---|---|---|---|
| 001 | 1/66789 | ||
| 008 | 071210s2007 gre d | ||
| 035 | |l 10092943 | ||
| 040 | |a GR-MY-UA |b gre |e aacr | ||
| 041 | 0 | |a gre | |
| 082 | 0 | |a 388.4 |2 (22) | |
| 100 | 1 | |a Καρύδα, Μαρκέλλα. | |
| 245 | 1 | 2 | |a Η σημασία της μετεπιβίβασης στην ολοκλήρωση των συστημάτων αστικών συγκοινωνιών. Η περίπτωση του τράμ της Αθήνας : |b διπλωματική εργασία / |c Μαρκέλλα Καρύδα ; επιβλέπουσα επιτροπή: Αθηνά Ρουμπούτσου, Σεραφείμ Κάπρος, Αμαλία Πολυδωροπούλου |
| 260 | |c 2007 | ||
| 300 | |a 133 σ.; |b σχέδια, πιν.; |c 30 εκ. | ||
| 502 | # | # | |a Διατριβή (μεταπτυχιακή) – Πανεπιστήμιο Αιγαίου, Χίος, 2007. |
| 504 | |a Περιλαμβάνει βιβλιογραφία | ||
| 610 | 2 | 0 | |a Πανεπιστήμιο Αιγαίου. |
| 650 | 0 | 0 | |a Urban transportation. |
| 650 | 0 | 0 | |a Local transit. |
| 650 | 0 | 0 | |a Urban transportation policy. |
| 650 | 0 | 0 | |a Transportation |z Greece |z Athens. |
| 650 | 0 | 0 | |a Dissertations, Academic |z Greece. |
| 700 | 1 | |a Ρουμπούτσου, Αθηνά. |4 ths | |
| 700 | 1 | |a Κάπρος, Σεραφείμ. |4 ths | |
| 700 | 1 | |4 ths |a Πολυδωροπούλου, Αμαλία. | |
| 710 | 1 | |a Πανεπιστήμιο Αιγαίου |b Σχολή Επιστημών της Διοίκησης |b Τμήμα Ναυτιλίας και Επιχειρηματικών Υπηρεσιών |b Πρόγραμμα Μεταπτυχιακών Σπουδών "Ναυτιλία, Μεταφορές και Διεθνές Εμπόριο - ΝΑ.Μ.Ε.". | |
| 852 | |a INST |b CHIOS |c DIATR |e 20071210 |h 388.4 ΚΑΡ |p 005200028141 |q 005200028141 |t MTXE |y 23 | ||
| 852 | |a INST |b CHIOS |c DIATR |e 20071210 |h 388.4 ΚΑΡ |p 005200028162 |q 005200028162 |t MTXE |y 23 | ||
| 856 | |u http://hdl.handle.net/11610/13096 | ||
| 901 | |a BIBL2-2007-3 | ||
| 909 | |a Χ |b 131534 | ||
| 909 | |a Χ |b 131535 | ||
| 924 | |a ΚΑΡΥΔΑ |b ΜΑΡΚΕΛΛΑ |y ΧΙΟΣ |z 2007-11 | ||
| 970 | |a ΑΤΣΑΛΗ |b ΔΕΣΠΟΙΝΑ |z 2007/12/10 | ||